Virtuálne siete z pohľadu outsourcingu a offshoringu
Základná myšlienka offshoringu a outsourcingu. Virtuálne siete. Byrokratická a maticová organizačná štruktúra firmy. Virtuálna organizačná štruktúra firmy. Interná, stabilná a dynamická sieť.
Enregistré dans:
| Auteur principal: | |
|---|---|
| Format: | Chapitre de livre |
| Langue: | slovaque |
| Sujets: | |
| Tags: |
Pas de tags, Soyez le premier à ajouter un tag!
|
MARC
| LEADER | 00000naa$a2200000$$$4500 | ||
|---|---|---|---|
| 001 | 0069906 | ||
| 005 | 20231011093651.9 | ||
| 041 | 0 | |a slo | |
| 044 | |a SK | ||
| 245 | 1 | 0 | |a Virtuálne siete z pohľadu outsourcingu a offshoringu |c Milan Materák |
| 520 | |a Základná myšlienka offshoringu a outsourcingu. Virtuálne siete. Byrokratická a maticová organizačná štruktúra firmy. Virtuálna organizačná štruktúra firmy. Interná, stabilná a dynamická sieť. | ||
| 610 | 2 | 0 | |a siete počítačové |
| 610 | 2 | 0 | |a komunikácia elektronická |
| 610 | 2 | 0 | |a outsourcing |
| 610 | 2 | 0 | |a kapitalizácia |
| 610 | 2 | 0 | |a štruktúra organizačná |
| 610 | 2 | 0 | |a štruktúra kapitálová |
| 610 | 2 | 0 | |a štruktúra pyramídová |
| 100 | 1 | |a Materák, Milan | |